Os 15 principais países com mortes por Covid19 - 14 de maio - Statistics

Estatísticas Gerais
  • Esse quiz foi jogado 7 vezes
  • A pontuação média é 16 de 21
Estatísticas das Respostas
país % Correto
Brasil
100%
China
100%
Itália
100%
Reino Unido
100%
Alemanha
86%
Espanha
86%
Estados Unidos
86%
França
86%
Suécia
86%
Suécia
86%
Suíça
86%
Irlanda
71%
México
71%
Países Baixos
71%
Portugal
71%
Turquia
71%
Bélgica
57%
Dinamarca
43%
Equador
43%
Irão
43%
Canadá
29%
Nenhum quiz correspondente encontrado
Distribuição das Pontuações
Porcentagem de Pessoas com Cada Pontuação
Percentil de Números Respondidos
Sua Pontuação Histórica
Você não jogou esse quiz